MECHANICS II (Record no. 19901)
[ view plain ]
| 000 -LEADER | |
|---|---|
| fixed length control field | 00476cam a2200193ua 4500 |
| 008 - FIXED-LENGTH DATA ELEMENTS--GENERAL INFORMATION | |
| fixed length control field | 131226n2010 II |||gr||||Z||||||eng |
| 040 ## - CATALOGING SOURCE | |
| Original cataloging agency | MAIN |
| 041 ## - LANGUAGE CODE | |
| -- | English |
| 082 ## - DEWEY DECIMAL CLASSIFICATION NUMBER | |
| Classification number | 531 GHO |
| 100 ## - MAIN ENTRY--PERSONAL NAME | |
| Personal name | GHOSH, DR. PRATAP CHANDRA. |
| 245 ## - TITLE STATEMENT | |
| Title | MECHANICS II |
| 250 ## - EDITION STATEMENT | |
| Edition statement | REP. |
| 260 ## - PUBLICATION, DISTRIBUTION, ETC. | |
| Place of publication, distribution, etc. | GUWAHATI |
| Name of publisher, distributor, etc. | NEW CENTRAL BOOK AGENCY |
| Date of publication, distribution, etc. | 2010 |
| 300 ## - PHYSICAL DESCRIPTION | |
| Extent | 248: |
| Dimensions | 18CM. |
| 700 ## - ADDED ENTRY--PERSONAL NAME | |
| Personal name | BHADRA, BIKASH KR. |
| 942 ## - ADDED ENTRY ELEMENTS (KOHA) | |
| Koha item type | Books |
| 653 ## - INDEX TERM--UNCONTROLLED | |
| Uncontrolled term | Classical mechanics solid mechanics |
| Withdrawn status | Lost status | Damaged status | Not for loan | Collection code | Home library | Current library | Shelving location | Date acquired | Full call number | Barcode | Date last seen | Copy number | Price effective from | Koha item type | Public note |
|---|---|---|---|---|---|---|---|---|---|---|---|---|---|---|---|
| TBHMSC | Central Library and Information Centre Sibsagar Girls College | Central Library and Information Centre Sibsagar Girls College | HOMESCIENCE BOOK RACK | 12.12.2013 | 531 GHO | 30301 | 27.02.2020 | 1 | 27.02.2020 | Books | V |